000 00371pab a2200145 454500
008 180718b2004 xxu||||| |||| 00| 0 eng d
100 _aTyler, Tom R.
245 _aEnhancing police legitimacy
260 _c2004
300 _ap.84-99.
362 _aMay
650 _aPolice
773 _aAnnals of the American Academy of Political and Social Science
909 _a60248
999 _c60248
_d60248